| 000 | 00593nam a22001937a 4500 | ||
|---|---|---|---|
| 003 | 0 | ||
| 005 | 20160609165858.0 | ||
| 008 | 101005t xxu||||| |||| 00| 0 eng d | ||
| 040 |
_aBUAC _cBEPAC |
||
| 100 |
_aMazou , Fousséni _99457 |
||
| 130 |
_lfr _99458 |
||
| 245 | _aDeterminisme génétique de l'arome chez le riz et son rapport avec des caractères agromorphologiques | ||
| 260 |
_aEPAC-UAC _bEPAC-UAC _c2006-2007 |
||
| 300 | _aXII -64p. | ||
| 650 |
_aAGROMOPHOLOGIE _bDETERMINISME GENETIQUE _99459 |
||
| 650 |
_aAROME _bGENOTYPE _99460 |
||
| 700 |
_aSemon, Mande _99461 |
||
| 942 | _cTHE | ||
| 999 |
_c47855 _d47855 |
||